000 00990aam a2200385 4500
005 20251020194352.0
008 150722b2003 xxu||||| |||| 00| 0 spa d
020 _a968507416X
041 _aESP
082 _a363.25 M843a
100 _aMoreno González, Rafael
_914911
245 _aAntología de la investigación criminalística
260 _aMéxico
260 _bINACIPE
260 _c2003
300 _a293 páginas
490 _aInvestigación Criminal
650 _aCRIMINALISTICA
650 _aINVESTIGACIÓN CRIMINAL
650 _aDACTILOSCOPIA
650 _aHUELLAS DACTILARES
650 _aHUELLAS DEL DELITO
650 _aRASTROS
650 _aLUGAR DE LOS HECHOS
650 _aINSPECCIONES OCULARES
650 _aSITIO DEL SUCESO
650 _aINDICIOS
650 _aEVIDENCIAS
650 _aPERICIAL
650 _aTOXICOLOGÍA
650 _aCALIGRAFÍA
650 _aFOTOGRAFÍA
650 _aIDENTIFICACIÓN HUMANA
942 _cBK
_2ddc
999 _c2094
_d2094